Complete the Card - WWE Backlash 2003 - Statistics

General Stats
  • This quiz has been taken 359 times
  • The average score is 20 of 24
Answer Stats
Answer % Correct
Triple H
95%
Brock Lesnar
93%
Chris Jericho
92%
The Rock
92%
Trish Stratus
91%
Eddie Guerrero
90%
Kane
90%
Chavo Guerrero
89%
Shawn Michaels
88%
John Cena
87%
Bubba Ray Dudley
86%
D-Von Dudley
86%
Booker T
85%
Goldberg
84%
Ric Flair
84%
Rob Van Dam
83%
The Big Show
83%
Kevin Nash
77%
Rey Mysterio
76%
Shelton Benjamin
74%
Charlie Haas
73%
Jazz
73%
Rikishi
53%
Sean O'Haire
41%
No matching quizzes found
Score Distribution
Percent of People with Each Score
Percentile by Number Answered
Your Score History
You have not taken this quiz